|
|
|
|
| LEADER |
00000cam a2200000 a 4500 |
| 001 |
UCF1758 |
| 003 |
CL-VaPUC |
| 008 |
120723e20110400CL |||||||||||||||||spa|d |
| 020 |
|
|
|a 9789561216013
|
| 082 |
0 |
4 |
|a 398.983
|b CAR
|2 21
|
| 100 |
0 |
|
|a Cardemil Herrera, Alberto
|e author
|9 563257
|
| 245 |
1 |
0 |
|a Refranes y moralejas de Chile
|
| 250 |
|
|
|a 4a. ed
|
| 300 |
|
|
|a 402 p
|
| 942 |
|
|
|c BK
|
| 945 |
|
|
|d 20120723 00:00:00
|a dcastane
|
| 260 |
|
|
|a Santiago
|b Zig Zag
|c 2011
|
| 650 |
|
0 |
|a Folklore chileno
|9 265536
|
| 650 |
|
7 |
|a PAREMIOLOGIA
|2 CL-VaPUC
|9 504587
|
| 650 |
|
7 |
|a REFRANES
|2 CL-VaPUC
|9 373405
|
| 650 |
|
0 |
|a Costumbres y tradiciones
|9 268292
|
| 583 |
|
|
|a last modification
|c 20120924 01:25:06
|k Rodrigo Vera
|
| 999 |
|
|
|c 348446
|d 348444
|
| 952 |
|
|
|0 0
|1 0
|4 0
|6 398_983000000000000_CAR_2011
|7 0
|8 A
|9 450453
|a BIBING
|b BIBING
|d 2019-11-22
|i 4880889
|o 398.983 CAR 2011
|p 4880889
|r 2025-01-20
|w 2019-11-22
|y BK
|k CUI
|
| 952 |
|
|
|0 0
|1 0
|4 0
|6 398_983000000000000_CAR_2011
|7 0
|8 X
|9 450454
|a FDOMLP
|b FDOMLP
|d 2019-11-22
|i 4911164
|o 398.983 CAR 2011
|p 4911164
|r 2019-11-22
|w 2019-11-22
|y BK_X
|k BU2
|
| 952 |
|
|
|0 0
|1 0
|4 0
|6 398_983000000000000_CAR_2011
|7 0
|8 X
|9 450455
|a FDOBUD
|b FDOBUD
|d 2019-11-22
|i 4919548
|o 398.983 CAR 2011
|p 4919548
|r 2019-11-22
|w 2019-11-22
|y BK_X
|k BUD
|